00277nam a2200121Ia 45000030006000000080041000060400015000471000017000622450029000792600018001085460012001260050017001380STCL150530s9999 xx 000 0 und d aSTCLcSTCL aShukla, M.C. aManual of mercantile law bS.Chandc1974 aEnglish20220125165720.0